Complete IELTS Bands 5-6.5 teacher's book / (Record no. 5774)

MARC details
000 -LEADER
fixed length control field 01107nam a22002537a 4500
001 - CONTROL NUMBER
control field 5774
003 - CONTROL NUMBER IDENTIFIER
control field FISKH
005 - DATE AND TIME OF LATEST TRANSACTION
control field 20250122150900.0
008 - FIXED-LENGTH DATA ELEMENTS--GENERAL INFORMATION
fixed length control field 250121b cb ||||| |||| 00| 0 eng d
020 ## - INTERNATIONAL STANDARD BOOK NUMBER
International Standard Book Number 9780521185165
040 ## - CATALOGING SOURCE
Original cataloging agency FISKH
Language of cataloging eng
Transcribing agency FISKH
Modifying agency FISKH
050 ## - LIBRARY OF CONGRESS CALL NUMBER
Classification number PE1128.A2
082 ## - DEWEY DECIMAL CLASSIFICATION NUMBER
Classification number 428.240712
100 ## - MAIN ENTRY--PERSONAL NAME
Personal name Brook-Hart, Guy
245 ## - TITLE STATEMENT
Title Complete IELTS Bands 5-6.5 teacher's book /
Statement of responsibility, etc. By Guy Brook-Hart and Vanessa Jakeman with David Jay
260 ## - PUBLICATION, DISTRIBUTION, ETC.
Place of publication, distribution, etc. Cambridge :
Name of publisher, distributor, etc. Cambridge University Press ,
Date of publication, distribution, etc. 2012.
300 ## - PHYSICAL DESCRIPTION
Extent 101 pages :
Other physical details illustrations ;
Dimensions 28 cm .
520 ## - SUMMARY, ETC.
Summary, etc. Complete IELTS combines the very best in contemporary classroom practice with stimulating topics aimed at young adults wanting to study at university. The Teacher's Book contains full teaching notes, answer keys and advice on exam tasks, and also provides extra photocopiable resources, including tests and activities to use in class.
650 ## - SUBJECT ADDED ENTRY--TOPICAL TERM
Topical term or geographic name entry element New Education Books Summer 2013
Form subdivision non-fiction
700 ## - ADDED ENTRY--PERSONAL NAME
Personal name Jakeman, Vanessa
Relator term author
700 ## - ADDED ENTRY--PERSONAL NAME
Personal name Jay, David
Relator term author
942 ## - ADDED ENTRY ELEMENTS (KOHA)
Source of classification or shelving scheme Dewey Decimal Classification
Koha item type Books
Suppress in OPAC No
Holdings
Withdrawn status Lost status Source of classification or shelving scheme Damaged status Not for loan Collection Home library Current library Shelving location Date acquired Total Checkouts Full call number Barcode Date last seen Price effective from Koha item type
    Dewey Decimal Classification     Non-Fiction Footprints International School Library Network Toul Kork Campus Footprints International School Library Network Toul Kork Campus TTP Secondary Non-Fiction Bookshelves 01/21/2025   BRO 428.240712 PE1128.A2 FISSE03408 01/21/2025 01/21/2025 Books